| 000 | 00714nam a22002417a 4500 | ||
|---|---|---|---|
| 003 | OSt | ||
| 005 | 20210421062926.0 | ||
| 008 | 201215s1974 ||||| |||| 00| 0 eng d | ||
| 020 | _a0374511993 | ||
| 040 |
_aeng _beng _cDLC |
||
| 041 |
_aeng _hrus |
||
| 080 |
_a821.111 _bS-70 |
||
| 100 |
_9501 _aSolzhenitsyn, Aleksandr _eAuthor |
||
| 245 |
_aCancer Ward _c/ by: Farrar, Straus and Giroux |
||
| 260 |
_aNew York _bFarrar, Straus and Giroux _c1974 |
||
| 300 | _a536 p. | ||
| 365 | _b18 usd | ||
| 650 | 0 |
_9254 _aEnglish literature |
|
| 653 | _aინგლისური ლიტერატურა | ||
| 700 |
_9502 _aBethell, Nicholas _eTranslator |
||
| 700 |
_9503 _aBurg, David _eTranslator |
||
| 942 |
_2udc _cBK |
||
| 999 |
_c643 _d643 |
||